[Event "Ste-Foy - Euwe"]
[Site "Ste-Foy CAN"]
[Date "2020.02.08"]
[Round "5"]
[White "Lescarbeau, Martin"]
[Black "Sauve, Richard"]
[Result "0-1"]
[WhiteElo "1706"]
[BlackElo "1937"]
[PlyCount "84"]
[EventDate "2020.01.11"]
[EventType "swiss"]
[EventRounds "5"]
[EventCountry "CAN"]

1. Nf3 d5 2. c4 e6 3. e3 Nf6 4. b3 Be7 5. Bb2 O-O 6. Be2 b6 7. O-O Bb7 8. d4
Nbd7 9. Nbd2 c5 10. Ne5 Rc8 11. f4 dxc4 12. Ndxc4 Nxe5 13. dxe5 Nd5 14. e4 Nb4
15. Qb1 Qc7 16. a3 Nc6 17. f5 exf5 18. exf5 b5 19. f6 bxc4 20. fxe7 Qxe7 21.
Bxc4 Nxe5 22. Bxe5 Qxe5 23. Qf5 Qxf5 24. Rxf5 Be4 25. Rf4 Bg6 26. h4 Rcd8 27.
Raf1 Rd4 28. h5 Rxf4 29. Rxf4 Bxh5 30. Rf5 Bg6 31. Rxc5 Ra8 32. Bd5 Rd8 33. Rc7
Kf8 34. Bc6 Rd1+ 35. Kf2 Rc1 36. b4 a6 37. a4 Rb1 38. b5 axb5 39. axb5 Bd3 40.
Ke3 Bxb5 41. Rb7 Re1+ 42. Kd2 Bxc6 0-1

[Event "Ste-Foy - Euwe"]
[Site "Ste-Foy CAN"]
[Date "2020.02.08"]
[Round "5"]
[White "Sarra-Bournet, Marc"]
[Black "Fecteau, Martin"]
[Result "1-0"]
[WhiteElo "1771"]
[BlackElo "1874"]
[PlyCount "55"]
[EventDate "2020.01.11"]
[EventType "swiss"]
[EventRounds "5"]
[EventCountry "CAN"]

1. e4 c5 2. Nc3 Nc6 3. f4 g6 4. Nf3 Bg7 5. Bb5 Nd4 6. Bc4 Nxf3+ 7. Qxf3 d6 8.
O-O e6 9. f5 Nf6 10. fxe6 fxe6 11. e5 dxe5 12. Bb5+ Bd7 13. Qxb7 O-O 14. Qa6
Rb8 15. Bc4 Qe7 16. d3 Bc8 17. Qc6 Rb6 18. Qf3 Nd5 19. Nxd5 exd5 20. Qxd5+ Be6
21. Rxf8+ Qxf8 22. Qe4 Qf7 23. Bxe6 Qxe6 24. Qa8+ Kf7 25. Qxa7+ Kg8 26. Qa8+
Kf7 27. Bg5 Qd6 28. Rf1+ 1-0

[Event "Ste-Foy - Euwe"]
[Site "Ste-Foy CAN"]
[Date "2020.02.08"]
[Round "5"]
[White "Theodorescu, Paul"]
[Black "Oliver, Vance"]
[Result "0-1"]
[WhiteElo "1637"]
[BlackElo "1713"]
[PlyCount "60"]
[EventDate "2020.01.11"]
[EventType "swiss"]
[EventRounds "5"]
[EventCountry "CAN"]

1. e4 g6 2. d4 Bg7 3. Nf3 d6 4. Bc4 Nf6 5. Nc3 Nc6 6. h3 O-O 7. Be3 Nxe4 8.
Bxf7+ Rxf7 9. Nxe4 e5 10. Qd2 exd4 11. Nxd4 Nxd4 12. Bxd4 Qe7 13. Qe3 Bf5 14.
Bxg7 Rxg7 15. f3 d5 16. g4 Bd7 17. O-O-O dxe4 18. Qb3+ Qf7 19. Qxb7 Qf4+ 20.
Kb1 Re8 21. fxe4 Qxe4 22. Qxc7 Bxg4 23. Qxg7+ Kxg7 24. hxg4 Qxg4 25. b3 Re7 26.
Rd2 Qc8 27. Kb2 Qf8 28. c4 Qf6+ 29. Kc2 Qf5+ 30. Kc3 Qf3+ 0-1

[Event "Ste-Foy - Morphy"]
[Site "Ste-Foy CAN"]
[Date "2020.02.22"]
[Round "1"]
[White "Darveau, Michel"]
[Black "Sarra-Bournet, Marc"]
[Result "1/2-1/2"]
[WhiteElo "1448"]
[BlackElo "1787"]
[PlyCount "100"]
[EventDate "2020.02.22"]
[EventType "swiss"]
[EventRounds "5"]
[EventCountry "CAN"]

1. e4 e5 2. Nf3 Nc6 3. d4 exd4 4. Nxd4 Bc5 5. Be3 Qf6 6. c3 Nge7 7. Bb5 Ne5 8.
Nf5 Bxe3 9. Nxe3 c6 10. Bc4 O-O 11. O-O Qg6 12. Nd2 d6 13. f4 Nxc4 14. Ndxc4
Qxe4 15. Qxd6 b5 16. Qe5 Qxe5 17. Nxe5 f6 18. Nf3 c5 19. Rad1 Be6 20. a3 Rfe8
21. Rd6 Bf7 22. Re1 Bg6 23. Nd5 Nxd5 24. Rxd5 Rac8 25. Rd6 Rxe1+ 26. Nxe1 b4
27. axb4 cxb4 28. cxb4 Rc4 29. Rd8+ Kf7 30. Rd7+ Ke6 31. Rxa7 Rxb4 32. Rxg7
Rxb2 33. Ra7 Be4 34. g4 h6 35. Ra6+ Ke7 36. Ra3 f5 37. Rh3 fxg4 38. Rxh6 Kf7
39. Rh5 Ke6 40. Re5+ Kf6 41. Rxe4 Rd2 42. Re5 Rd4 43. Re2 Rxf4 44. Rf2 Kg5 45.
Kg2 Re4 46. Nd3 Re3 47. Nc5 Kh4 48. Rf4 Re2+ 49. Rf2 Rxf2+ 50. Kxf2 Kh3 1/2-1/2

[Event "Ste-Foy - Morphy"]
[Site "Ste-Foy CAN"]
[Date "2020.02.22"]
[Round "1"]
[White "Lacerte, Kevin"]
[Black "Auger, Bertrand"]
[Result "0-1"]
[WhiteElo "1490"]
[BlackElo "1927"]
[PlyCount "50"]
[EventDate "2020.02.22"]
[EventType "swiss"]
[EventRounds "5"]
[EventCountry "CAN"]

1. e4 e6 2. Nf3 d5 3. e5 c5 4. b4 b6 5. c3 c4 6. d4 cxd3 7. Bxd3 Qc7 8. Qe2 Ne7
9. Bf4 a5 10. O-O Ng6 11. Bd2 Nc6 12. Bb5 Bd7 13. c4 d4 14. Qe4 Rd8 15. Bg5 Be7
16. Bxe7 Kxe7 17. bxa5 Ncxe5 18. Nxd4 Bxb5 19. cxb5 Rd5 20. Nf5+ Kf6 21. Ne3
Rxb5 22. Na3 Rxa5 23. Rac1 Rc5 24. Nb5 Qc6 25. Nc3 Rxc3 0-1

[Event "Ste-Foy - Morphy"]
[Site "Ste-Foy CAN"]
[Date "2020.02.22"]
[Round "1"]
[White "Perron, Jonathan"]
[Black "Chabot, Michelin"]
[Result "1-0"]
[WhiteElo "1930"]
[BlackElo "1500"]
[PlyCount "73"]
[EventDate "2020.02.22"]
[EventType "swiss"]
[EventRounds "5"]
[EventCountry "CAN"]

1. e4 e5 2. Nf3 Nc6 3. Bb5 a6 4. Ba4 b5 5. Bb3 d6 6. c3 Nf6 7. O-O Be7 8. h3
O-O 9. d4 h6 10. Nbd2 Re8 11. Re1 Bf8 12. Nf1 exd4 13. cxd4 Bb7 14. Ng3 Na5 15.
Bc2 c5 16. d5 Nc4 17. Nf5 Ne5 18. N3h4 g5 19. f4 gxh4 20. fxe5 dxe5 21. Nxh6+
Kh7 22. Nxf7 Qe7 23. Ng5+ Kg6 24. Rf1 Bh6 25. Ne6 Bc8 26. Bxh6 Bxe6 27. Qd2 Ng8
28. Be3 Bd7 29. d6 Qe6 30. Bxc5 Rf8 31. Bb3 Qe8 32. Rxf8 Qxf8 33. Rf1 Qd8 34.
Bf7+ Kg7 35. Qd5 Nf6 36. Qxe5 Kxf7 37. Bd4 1-0

[Event "Ste-Foy - Morphy"]
[Site "Ste-Foy CAN"]
[Date "2020.02.22"]
[Round "1"]
[White "Sauve, Richard"]
[Black "Bagramyan, Arutyun"]
[Result "1-0"]
[WhiteElo "1892"]
[BlackElo "1479"]
[PlyCount "53"]
[EventDate "2020.02.22"]
[EventType "swiss"]
[EventRounds "5"]
[EventCountry "CAN"]

1. d4 d5 2. c4 c6 3. Nc3 Nf6 4. e3 Bf5 5. Nf3 dxc4 6. Bxc4 e6 7. O-O Bb4 8. Qb3
Qe7 9. Bd2 O-O 10. a3 Bd6 11. Rfe1 b5 12. Bf1 Bg4 13. e4 Bxf3 14. gxf3 Bc7 15.
Bg5 h6 16. Bh4 g5 17. Bg3 Nh5 18. Rad1 Nxg3 19. fxg3 Bb6 20. Kg2 Nd7 21. e5 a6
22. Ne4 c5 23. dxc5 Bxc5 24. Rxd7 Qxd7 25. Nf6+ Kg7 26. Nxd7 Rfd8 27. Nxc5 1-0

[Event "Ste-Foy - Morphy"]
[Site "Ste-Foy CAN"]
[Date "2020.02.29"]
[Round "2"]
[White "Auger, Bertrand"]
[Black "Cote, Frederic"]
[Result "1-0"]
[WhiteElo "1927"]
[BlackElo "1571"]
[PlyCount "93"]
[EventDate "2020.02.22"]
[EventType "swiss"]
[EventRounds "5"]
[EventCountry "CAN"]

1. Nf3 d5 2. g3 Nd7 3. d4 a6 4. Bg2 Ngf6 5. O-O e6 6. a4 Be7 7. c4 dxc4 8. Na3
Nb6 9. Ne5 O-O 10. a5 Nbd5 11. Naxc4 Rb8 12. e4 Nb4 13. Be3 b5 14. axb6 cxb6
15. Qb3 Bb7 16. f3 b5 17. Na5 Nd7 18. Bf4 Nxe5 19. Bxe5 Bd6 20. Rfd1 Bxe5 21.
dxe5 Qb6+ 22. Kh1 Nc6 23. Nxc6 Bxc6 24. Rd6 Rfc8 25. Qa3 Ra8 26. b4 Qf2 27. Rf1
Qa7 28. Rfd1 h5 29. Qa5 Kh7 30. Qa3 a5 31. bxa5 Qxa5 32. Qe3 Be8 33. Qg5 g6 34.
Qf6 b4 35. g4 hxg4 36. fxg4 Rc5 37. R6d3 Rc3 38. Rxc3 bxc3 39. Rd3 Qa1+ 40. Bf1
Qc1 41. Rh3+ Qh6 42. Rxh6+ Kxh6 43. Qh8+ Kg5 44. Qh3 c2 45. Qe3+ Kxg4 46. Be2+
Kh4 47. Qg3# 1-0

[Event "Ste-Foy - Morphy"]
[Site "Ste-Foy CAN"]
[Date "2020.02.29"]
[Round "2"]
[White "Fleury, Dominic"]
[Black "Sauve, Richard"]
[Result "0-1"]
[WhiteElo "1417"]
[BlackElo "1892"]
[PlyCount "84"]
[EventDate "2020.02.22"]
[EventType "swiss"]
[EventRounds "5"]
[EventCountry "CAN"]

1. e4 e6 2. d4 d5 3. Nc3 Nf6 4. e5 Nfd7 5. Nf3 c5 6. Be3 Nc6 7. Nb5 cxd4 8.
Bxd4 a6 9. Nd6+ Bxd6 10. exd6 O-O 11. Qd2 Nf6 12. O-O-O Nxd4 13. Qxd4 Qxd6 14.
h4 Re8 15. Ne5 Nd7 16. f4 f6 17. Nxd7 Bxd7 18. Re1 Rac8 19. g4 Qc5 20. Qxc5
Rxc5 21. Bd3 e5 22. Bf5 Bxf5 23. gxf5 e4 24. h5 h6 25. Rh3 d4 26. Rb3 b5 27.
Kd2 Rxf5 28. Rb4 e3+ 29. Kd3 Rxf4 30. Rxd4 Rxd4+ 31. Kxd4 e2 32. a4 Kf7 33. Kd3
Re5 34. Rxe2 Rxh5 35. c4 bxc4+ 36. Kxc4 Rh4+ 37. Kb3 g5 38. a5 h5 39. Kc3 Rh1
40. b4 h4 41. Ra2 Rc1+ 42. Kb3 h3 0-1

[Event "Ste-Foy - Morphy"]
[Site "Ste-Foy CAN"]
[Date "2020.02.29"]
[Round "2"]
[White "Laurendeau, Alfred"]
[Black "Perron, Jonathan"]
[Result "0-1"]
[WhiteElo "1529"]
[BlackElo "1930"]
[PlyCount "96"]
[EventDate "2020.02.22"]
[EventType "swiss"]
[EventRounds "5"]
[EventCountry "CAN"]

1. d4 Nf6 2. c4 e6 3. Nf3 b6 4. Bg5 Bb7 5. e3 Be7 6. Be2 O-O 7. O-O d6 8. Nc3
Ne4 9. Bxe7 Qxe7 10. Qc2 f5 11. Bd3 Nxc3 12. bxc3 Bxf3 13. gxf3 Nd7 14. Kh1 Qh4
15. f4 Rf6 16. f3 Raf8 17. Rg1 e5 18. Rg3 exf4 19. exf4 Qxf4 20. Qe2 c5 21. Qe7
R6f7 22. Qg5 Qxg5 23. Rxg5 g6 24. Re1 Kg7 25. Rg2 Rd8 26. Rge2 Nf6 27. Bc2 Nh5
28. Re3 Nf4 29. Bb3 Kf6 30. Kg1 Rdd7 31. Kf2 Rfe7 32. Kg3 g5 33. Bc2 Rxe3 34.
Rxe3 Nd5 35. Bxf5 Nxe3 36. Bxd7 Nd1 37. a4 Nxc3 38. d5 Nd1 39. f4 h6 40. fxg5+
hxg5 41. h4 gxh4+ 42. Kxh4 Ke5 43. Kg5 Nb2 44. Bb5 Kd4 45. Kf6 Nxc4 46. Bxc4
Kxc4 47. Ke6 Kb4 48. Kxd6 c4 0-1

[Event "Ste-Foy - Morphy"]
[Site "Ste-Foy CAN"]
[Date "2020.02.29"]
[Round "2"]
[White "Nafii, Adil"]
[Black "Michaud, Jacques"]
[Result "1-0"]
[WhiteElo "1643"]
[BlackElo "1537"]
[PlyCount "53"]
[EventDate "2020.02.22"]
[EventType "swiss"]
[EventRounds "5"]
[EventCountry "CAN"]

1. d4 Nf6 2. c4 g6 3. Nc3 d5 4. Nf3 Bg7 5. Bg5 Ne4 6. cxd5 Nxc3 7. bxc3 Qxd5 8.
Qc2 Bf5 9. Qb3 Qxb3 10. axb3 Bc2 11. b4 Nd7 12. e3 c5 13. Kd2 Be4 14. bxc5 e5
15. Bb5 Bc6 16. Bxc6 bxc6 17. h3 e4 18. Ne1 O-O 19. Be7 Rfb8 20. Nc2 Rb2 21.
Rhb1 Rxb1 22. Rxb1 a5 23. Bd6 Ra7 24. Ra1 f5 25. Nb4 Rb7 26. Rxa5 Nb8 27. Ra8
1-0

[Event "Ste-Foy - Morphy"]
[Site "Ste-Foy CAN"]
[Date "2020.02.29"]
[Round "2"]
[White "Sarra-Bournet, Marc"]
[Black "Laflamme, Simon"]
[Result "1-0"]
[WhiteElo "1787"]
[BlackElo "2102"]
[PlyCount "56"]
[EventDate "2020.02.22"]
[EventType "swiss"]
[EventRounds "5"]
[EventCountry "CAN"]

1. e4 Nf6 2. e5 Nd5 3. d4 d6 4. c4 Nb6 5. f4 dxe5 6. fxe5 Nc6 7. Be3 Bf5 8. Nf3
e6 9. Be2 Be7 10. O-O O-O 11. Nc3 f6 12. exf6 Bxf6 13. Qd2 Qe7 14. Rad1 Rad8
15. Qc1 Rd7 16. d5 exd5 17. cxd5 Nb4 18. Bb5 Bxc3 19. Bxb6 Nxa2 20. Qa1 c6 21.
Bc4 cxd5 22. Rxd5 Rxd5 23. Bxd5+ Be6 24. Qxa2 Bxb2 25. Bxe6+ Kh8 26. Bxa7 Qb4
27. Qc4 Qa5 28. Bc5 Rxf3 1-0

[Event "Ste-Foy - Morphy"]
[Site "Ste-Foy CAN"]
[Date "2020.03.07"]
[Round "3"]
[White "Cote, Frederic"]
[Black "Fleury, Dominic"]
[Result "1-0"]
[WhiteElo "1571"]
[BlackElo "1417"]
[PlyCount "87"]
[EventDate "2020.02.22"]
[EventType "swiss"]
[EventRounds "5"]
[EventCountry "CAN"]

1. e4 e5 2. Nf3 Nf6 3. Nxe5 d6 4. Nf3 Nxe4 5. Nc3 d5 6. d4 Nxc3 7. bxc3 Be7 8.
Bd3 Bg4 9. h3 Bh5 10. O-O Nd7 11. Rb1 b6 12. Bf4 O-O 13. Re1 Re8 14. Bb5 a6 15.
Bc6 Ra7 16. g4 Bg6 17. Ne5 Nxe5 18. Bxe8 Qxe8 19. Rxe5 f6 20. Re3 b5 21. Qe2 c6
22. Re1 Kf7 23. Bd6 Be4 24. Bxe7 Qxe7 25. f3 f5 26. fxe4 fxe4 27. Rf1+ Kg8 28.
Rf5 Ra8 29. Qh2 Re8 30. Re5 Qd7 31. Rxe8+ Qxe8 32. Qd6 a5 33. Re1 e3 34. Qe5
Qxe5 35. dxe5 Kf7 36. Rxe3 Ke6 37. Kf2 a4 38. Kf3 g5 39. Ke2 c5 40. Kd3 a3 41.
Re2 h6 42. Re3 b4 43. cxb4 cxb4 44. Kd4 1-0

[Event "Ste-Foy - Morphy"]
[Site "Ste-Foy CAN"]
[Date "2020.03.07"]
[Round "3"]
[White "Fecteau, Martin"]
[Black "Laurendeau, Alfred"]
[Result "1-0"]
[WhiteElo "1840"]
[BlackElo "1529"]
[PlyCount "77"]
[EventDate "2020.02.22"]
[EventType "swiss"]
[EventRounds "5"]
[EventCountry "CAN"]

1. Nf3 Nf6 2. d4 e6 3. c4 Bb4+ 4. Bd2 Qe7 5. Nc3 Bxc3 6. Bxc3 Ne4 7. Rc1 Nxc3
8. Rxc3 d6 9. e3 Nd7 10. Bd3 e5 11. dxe5 dxe5 12. Be2 O-O 13. O-O Nf6 14. Qc2
e4 15. Nd4 c5 16. Nb3 Bf5 17. Nd2 Qe6 18. Re1 Rfd8 19. Nf1 h6 20. Ng3 Bh7 21.
Rb3 Rd7 22. Qb1 Rad8 23. Rc3 Ng4 24. Bxg4 Qxg4 25. Rcc1 Rd2 26. h3 Qe6 27. Nf1
R2d3 28. Qc2 Qd6 29. Qe2 f5 30. b3 f4 31. Qg4 Rf8 32. exf4 Rxf4 33. Qc8+ Rf8
34. Qg4 Rf4 35. Qe2 Qg6 36. Ne3 Qd6 37. Nd5 Rf7 38. Rcd1 Qg6 39. Rxd3 1-0

[Event "Ste-Foy - Morphy"]
[Site "Ste-Foy CAN"]
[Date "2020.03.07"]
[Round "3"]
[White "Michaud, Jacques"]
[Black "Halhal, Sami"]
[Result "0-1"]
[WhiteElo "1537"]
[BlackElo "1937"]
[PlyCount "22"]
[EventDate "2020.02.22"]
[EventType "swiss"]
[EventRounds "5"]
[EventCountry "CAN"]

1. g3 d5 2. Nf3 c6 3. d4 Nf6 4. Bg2 Bg4 5. O-O Nbd7 6. b4 e6 7. Ne5 Nxe5 8.
dxe5 Nd7 9. Bb2 Qb6 10. a3 a5 11. bxa5 Qxb2 0-1

[Event "Ste-Foy - Morphy"]
[Site "Ste-Foy CAN"]
[Date "2020.03.07"]
[Round "3"]
[White "Perron, Jonathan"]
[Black "Nafii, Adil"]
[Result "1-0"]
[WhiteElo "1930"]
[BlackElo "1643"]
[PlyCount "71"]
[EventDate "2020.02.22"]
[EventType "swiss"]
[EventRounds "5"]
[EventCountry "CAN"]

1. d4 d5 2. Bf4 c5 3. e3 Nc6 4. c3 Nf6 5. Nd2 a6 6. Bd3 Bg4 7. f3 Bd7 8. Qe2
cxd4 9. exd4 Rc8 10. Bg5 b5 11. Bxf6 gxf6 12. f4 Bg7 13. Ngf3 Qc7 14. g3 Bh3
15. Nh4 Bd7 16. O-O h5 17. Rfe1 Bg4 18. Qg2 Be6 19. f5 Bd7 20. Qxd5 Bh6 21. Ne4
Kf8 22. Nc5 Rd8 23. Nxa6 Qb6 24. Qxb5 Qa7 25. Qc5 Qb7 26. b4 Bg5 27. Nf3 Re8
28. Nxg5 fxg5 29. d5 Nb8 30. Nxb8 Qxb8 31. Rxe7 Rxe7 32. f6 h4 33. Qxe7+ Kg8
34. Bg6 Be6 35. dxe6 Qb6+ 36. Qc5 1-0

[Event "Ste-Foy - Morphy"]
[Site "Ste-Foy CAN"]
[Date "2020.03.07"]
[Round "3"]
[White "Sauve, Richard"]
[Black "Auger, Bertrand"]
[Result "1/2-1/2"]
[WhiteElo "1892"]
[BlackElo "1927"]
[PlyCount "59"]
[EventDate "2020.02.22"]
[EventType "swiss"]
[EventRounds "5"]
[EventCountry "CAN"]

1. d4 Nf6 2. c4 e6 3. Nc3 Bb4 4. Qc2 O-O 5. Bg5 b6 6. a3 Bxc3+ 7. Qxc3 Bb7 8.
e3 h6 9. Bh4 d5 10. Bxf6 Qxf6 11. cxd5 Bxd5 12. Ne2 Rc8 13. Nf4 Bb7 14. Rc1 c5
15. dxc5 Rxc5 16. Qxf6 Rxc1+ 17. Kd2 Rd1+ 18. Kxd1 gxf6 19. Bd3 Nd7 20. Ke2 Rc8
21. Rd1 Ne5 22. f3 f5 23. Rd2 Kf8 24. Bb5 a6 25. Bd3 Ke7 26. Kd1 Rd8 27. Be2
Rc8 28. Rc2 Rd8+ 29. Rd2 Rc8 30. Rc2 1/2-1/2

[Event "Ste-Foy - Morphy"]
[Site "Ste-Foy CAN"]
[Date "2020.03.14"]
[Round "4"]
[White "Auger, Bertrand"]
[Black "Perron, Jonathan"]
[Result "1-0"]
[WhiteElo "1927"]
[BlackElo "1930"]
[PlyCount "89"]
[EventDate "2020.02.22"]
[EventType "swiss"]
[EventRounds "5"]
[EventCountry "CAN"]

1. Nf3 c5 2. c4 Nc6 3. g3 e5 4. Nc3 g6 5. Bg2 Bg7 6. O-O Nge7 7. d3 O-O 8. Rb1
d6 9. a3 a5 10. b3 Rb8 11. Bd2 h6 12. Ne1 Be6 13. Nc2 d5 14. cxd5 Nxd5 15. Ne4
Qe7 16. Qc1 Kh7 17. Ne3 Nd4 18. Qxc5 Nxe2+ 19. Kh1 b6 20. Nxd5 Qxc5 21. Nxc5
bxc5 22. Bxa5 Rb5 23. Bd2 Bf5 24. Be4 Bh3 25. Rfe1 Nd4 26. b4 f5 27. Bg2 Bxg2+
28. Kxg2 Nc2 29. Rec1 Nxa3 30. Ra1 Ra8 31. Nc7 e4 32. Rxa3 Rxa3 33. Nxb5 Rxd3
34. Be1 cxb4 35. Bxb4 g5 36. Rc7 Kg6 37. Rc6+ Kh5 38. h3 Rb3 39. Bc3 Bxc3 40.
Nxc3 Rb2 41. Nd5 Re2 42. Ne3 g4 43. hxg4+ fxg4 44. Rc5+ Kg6 45. Re5 1-0

[Event "Ste-Foy - Morphy"]
[Site "Ste-Foy CAN"]
[Date "2020.03.14"]
[Round "4"]
[White "Sarra-Bournet, Marc"]
[Black "Sauve, Richard"]
[Result "1/2-1/2"]
[WhiteElo "1787"]
[BlackElo "1892"]
[PlyCount "117"]
[EventDate "2020.02.22"]
[EventType "swiss"]
[EventRounds "5"]
[EventCountry "CAN"]

1. e4 e6 2. d4 d5 3. Nd2 Nf6 4. e5 Nfd7 5. Ngf3 c5 6. c3 Nc6 7. Be2 Be7 8. O-O
O-O 9. Re1 Qb6 10. Nb3 a5 11. Be3 c4 12. Nbd2 Qxb2 13. a4 Qb6 14. Nxc4 dxc4 15.
d5 Bc5 16. Bxc5 Qxc5 17. dxc6 Nxe5 18. Nxe5 Qxe5 19. Bxc4 Qc5 20. cxb7 Bxb7 21.
Qd4 Qxd4 22. cxd4 Rfd8 23. Red1 Rac8 24. Rac1 g6 25. f3 e5 26. Kf2 Rxd4 27.
Rxd4 exd4 28. Ke2 Kf8 29. Kd3 Bc6 30. Ra1 Rd8 31. Bb5 Bd7 32. Bxd7 Rxd7 33. Rc1
Rb7 34. Rc2 h5 35. h4 Ke7 36. Kxd4 Rb4+ 37. Rc4 Rb2 38. Kc5 f6 39. g4 Rb3 40.
gxh5 gxh5 41. Re4+ Kf7 42. f4 Kg6 43. Kc4 Rb1 44. Rd4 Rb4+ 45. Kc3 Rxd4 46.
Kxd4 Kf5 47. Kc5 Kxf4 48. Kb5 Kg4 49. Kxa5 f5 50. Kb6 f4 51. a5 f3 52. a6 f2
53. a7 f1=Q 54. a8=Q Kxh4 55. Qd8+ Kg4 56. Qg8+ Kh3 57. Qe6+ Kg2 58. Qg6+ Kf2
59. Qxh5 1/2-1/2

[Event "Vancouver Rapid-Tch Online"]
[Site "chess.com"]
[Date "2020.10.25"]
[Round "1.2"]
[White "McLaren, Brian"]
[Black "Hemstapat, Andrew"]
[Result "0-1"]
[WhiteElo "2142"]
[BlackElo "2245"]
[PlyCount "42"]
[EventDate "2020.10.25"]
[EventType "team (rapid)"]
[EventRounds "3"]
[EventCountry "CAN"]
[WhiteTeam "Peace Sacrifice"]
[BlackTeam "Chigorin CC"]

1. e4 e6 2. d4 d5 3. e5 c5 4. c3 Nc6 5. Nf3 Bd7 6. Be3 Qb6 7. Qd2 Rc8 8. dxc5
Bxc5 9. Bxc5 Qxc5 10. Qg5 Nge7 11. Qxg7 Rg8 12. Qxh7 d4 13. Qe4 Qb6 14. b3 dxc3
15. Nxc3 Nb4 16. Rc1 Qa5 17. Nd2 Ned5 18. Nc4 Rxc4 19. Bxc4 Nxc3 20. Qh7 Qxe5+
21. Kf1 Rh8 0-1

[Event "Vancouver Rapid-Tch Online"]
[Site "chess.com"]
[Date "2020.10.25"]
[Round "1.3"]
[White "Trochtchanovitch, Pavel"]
[Black "Steininger, Gavin"]
[Result "1/2-1/2"]
[WhiteElo "1939"]
[BlackElo "2053"]
[PlyCount "109"]
[EventDate "2020.10.25"]
[EventType "team (rapid)"]
[EventRounds "3"]
[EventCountry "CAN"]
[WhiteTeam "Chigorin CC"]
[BlackTeam "Peace Sacrifice"]

1. e4 e6 2. d4 d5 3. exd5 exd5 4. Nf3 Nf6 5. Bd3 Be7 6. O-O O-O 7. h3 b6 8. Re1
c5 9. c3 a5 10. Bf4 Ba6 11. Ne5 Bxd3 12. Qxd3 c4 13. Qc2 b5 14. a3 Nfd7 15. Nd2
Nxe5 16. Bxe5 Nd7 17. Bg3 Ra6 18. Re2 Bd6 19. Bxd6 Rxd6 20. Rae1 Nf6 21. Qf5
Qb6 22. Nf3 b4 23. axb4 axb4 24. Ne5 bxc3 25. bxc3 Qb3 26. Qc2 Qxc2 27. Rxc2
Rb8 28. f3 g6 29. Ng4 Nxg4 30. hxg4 Rb3 31. Re8+ Kg7 32. g5 h6 33. gxh6+ Kxh6
34. g4 Re6 35. Rxe6 fxe6 36. Kf2 Kg5 37. Kg3 Kf6 38. f4 g5 39. fxg5+ Kxg5 40.
Kf3 Ra3 41. Rc1 Rb3 42. Kg3 e5 43. dxe5 d4 44. e6 Kf6 45. Re1 Rxc3+ 46. Kf4 Ke7
47. g5 d3 48. g6 Rc2 49. Rg1 Rf2+ 50. Ke3 Rf8 51. Kd4 d2 52. Kxc4 Rg8 53. g7
Kxe6 54. Kc3 Rxg7 55. Rd1 1/2-1/2

[Event "Vancouver Rapid-Tch Online"]
[Site "chess.com"]
[Date "2020.10.25"]
[Round "2.2"]
[White "Roback, Joe"]
[Black "Trochtchanovitch, Pavel"]
[Result "0-1"]
[WhiteElo "2007"]
[BlackElo "1939"]
[PlyCount "68"]
[EventDate "2020.10.25"]
[EventType "team (rapid)"]
[EventRounds "3"]
[EventCountry "CAN"]
[WhiteTeam "Peace Sacrifice"]
[BlackTeam "Chigorin CC"]

1. e4 e5 2. Nf3 Nc6 3. Nc3 Nf6 4. Bb5 Nd4 5. Bc4 d6 6. h3 Be6 7. Bxe6 Nxe6 8.
d4 exd4 9. Nxd4 Nxd4 10. Qxd4 Be7 11. Bf4 O-O 12. g4 c5 13. Qd2 b5 14. f3 b4
15. Nd5 Nxd5 16. Qxd5 Bh4+ 17. Ke2 Qf6 18. Bc1 a5 19. Rd1 Bg3 20. g5 Qg6 21.
Rg1 Be5 22. h4 Kh8 23. Rb1 f5 24. Be3 fxe4 25. Qxe4 Qxe4 26. fxe4 g6 27. h5 Rf7
28. Rh1 Kg7 29. b3 Raf8 30. Rbd1 Rf3 31. Rd5 Rg3 32. h6+ Kg8 33. Kd2 Rff3 34.
Re1 Bc3+ 0-1

[Event "Vancouver Rapid-Tch Online"]
[Site "chess.com"]
[Date "2020.10.25"]
[Round "2.3"]
[White "Morozov, Grigorii"]
[Black "Steininger, Gavin"]
[Result "1-0"]
[WhiteElo "2437"]
[BlackElo "2053"]
[PlyCount "85"]
[EventDate "2020.10.25"]
[EventType "team (rapid)"]
[EventRounds "3"]
[EventCountry "CAN"]
[WhiteTeam "Chigorin CC"]
[BlackTeam "Peace Sacrifice"]

1. d4 Nf6 2. c4 e6 3. Nf3 Bb4+ 4. Bd2 a5 5. a3 Bxd2+ 6. Qxd2 O-O 7. Nc3 d6 8.
g3 Nc6 9. Rd1 Qe7 10. Bg2 e5 11. dxe5 Nxe5 12. Qd4 Bh3 13. O-O Bxg2 14. Kxg2
Nxf3 15. Kxf3 Qe6 16. Kg2 c6 17. e4 Rfe8 18. f3 h5 19. h4 Rad8 20. Rd2 Nd7 21.
Ne2 Ne5 22. b3 g6 23. Nf4 Qe7 24. a4 Qc7 25. Rfd1 Rd7 26. Nh3 Qd8 27. Nf2 Qf6
28. f4 Ng4 29. Qxf6 Nxf6 30. e5 Ng4 31. Nxg4 hxg4 32. Rxd6 Rde7 33. Kf2 Kg7 34.
Ke3 f5 35. Kd4 Rc8 36. Kc5 b6+ 37. Kxb6 Rb8+ 38. Kxc6 Rxb3 39. R1d3 Rb4 40. c5
Rxa4 41. Rd7 Kf7 42. Kd6 Rxd7+ 43. Kxd7 1-0

[Event "Vancouver Rapid-Tch Online"]
[Site "chess.com"]
[Date "2020.10.25"]
[Round "3.1"]
[White "McLaren, Brian"]
[Black "Trochtchanovitch, Pavel"]
[Result "1-0"]
[WhiteElo "2142"]
[BlackElo "1939"]
[PlyCount "35"]
[EventDate "2020.10.25"]
[EventType "team (rapid)"]
[EventRounds "3"]
[EventCountry "CAN"]
[WhiteTeam "Peace Sacrifice"]
[BlackTeam "Chigorin CC"]

1. e4 e5 2. Bc4 Nf6 3. Qe2 Bc5 4. Nf3 d6 5. c3 O-O 6. d3 Nc6 7. a4 a6 8. Bg5 h6
9. Bh4 Be6 10. Nbd2 Bxc4 11. Nxc4 b5 12. Ne3 Bxe3 13. fxe3 b4 14. O-O bxc3 15.
bxc3 Ne7 16. Bxf6 gxf6 17. Nh4 Ng6 18. Nf5 1-0

[Event "Vancouver Rapid-Tch Online"]
[Site "chess.com"]
[Date "2020.10.25"]
[Round "3.2"]
[White "Morozov, Grigorii"]
[Black "Steininger, Gavin"]
[Result "1/2-1/2"]
[WhiteElo "2437"]
[BlackElo "2053"]
[PlyCount "98"]
[EventDate "2020.10.25"]
[EventType "team (rapid)"]
[EventRounds "3"]
[EventCountry "CAN"]
[WhiteTeam "Chigorin CC"]
[BlackTeam "Peace Sacrifice"]

1. d4 Nf6 2. c4 e6 3. Nf3 Bb4+ 4. Bd2 a5 5. g3 O-O 6. Bg2 d6 7. O-O Bxd2 8.
Qxd2 Nbd7 9. Nc3 e5 10. Rad1 exd4 11. Nxd4 Nc5 12. b3 Re8 13. Rfe1 Bd7 14. e4
Qc8 15. f3 h6 16. Qf2 Bh3 17. Bxh3 Qxh3 18. Qg2 Qxg2+ 19. Kxg2 Nfd7 20. Nd5
Rac8 21. Rd2 Ne5 22. Red1 a4 23. h3 Ne6 24. Nf5 Kf8 25. f4 Nc6 26. b4 h5 27.
Kf3 g6 28. Nfe3 Kg7 29. a3 Ne7 30. h4 Ng8 31. f5 Nf8 32. Nc3 Nd7 33. Kf4 Ne5
34. c5 dxc5 35. bxc5 Nf6 36. Rd4 b6 37. cxb6 cxb6 38. Nxa4 Nc6 39. Nxb6 Nxd4
40. Rxd4 Rcd8 41. Ned5 Nxd5+ 42. exd5 Re1 43. fxg6 Rd6 44. Nc4 Rf6+ 45. Kg5
Rxg6+ 46. Kf5 Rf6+ 47. Kg5 Rg6+ 48. Kf5 Rf6+ 49. Kg5 Rg6+ 1/2-1/2

[Event "Vancouver Rapid-Tch Online"]
[Site "chess.com"]
[Date "2020.10.25"]
[Round "3.3"]
[White "Roback, Joe"]
[Black "Hemstapat, Andrew"]
[Result "0-1"]
[WhiteElo "2007"]
[BlackElo "2245"]
[PlyCount "78"]
[EventDate "2020.10.25"]
[EventType "team (rapid)"]
[EventRounds "3"]
[EventCountry "CAN"]
[WhiteTeam "Peace Sacrifice"]
[BlackTeam "Chigorin CC"]

1. e4 e6 2. d4 d5 3. Nc3 Nf6 4. e5 Nfd7 5. f4 c5 6. Nf3 Nc6 7. Be3 a6 8. Qd2 b5
9. Be2 Qb6 10. O-O Bb7 11. f5 cxd4 12. Nxd4 Bc5 13. fxe6 fxe6 14. Rad1 Ndxe5
15. Kh1 Nxd4 16. Bxd4 Bxd4 17. Qxd4 Qxd4 18. Rxd4 O-O-O 19. a4 Nc6 20. Rg4 b4
21. Na2 d4 22. Rxg7 Rhg8 23. Rxh7 b3 24. Nc1 Na5 25. Bf3 bxc2 26. Bxb7+ Nxb7
27. Rff7 Na5 28. Rc7+ Kb8 29. b4 Rc8 30. Ra7 Rc4 31. bxa5 Rb4 32. Rxa6 d3 33.
Rd7 Rf8 34. h3 Rf1+ 35. Kh2 Rxc1 36. Rxe6 Rh1+ 37. Kg3 Rc4 38. Re8+ Rc8 39.
Ree7 Rb1 0-1